Особенности работы дуговых сталеплавильных печей с применением жидкого чугуна; Прогрессивные технологии и экономика в машиностроении

Dettagli Bibliografici
Parent link:Прогрессивные технологии и экономика в машиностроении.— 2009.— С. 16-17
Autore principale: Пичугин А. А.
Altri autori: Сулимова И. С. (научный руководитель)
Lingua:russo
Pubblicazione: 2009
Soggetti:
Natura: Capitolo di libro
KOHA link:https://koha.lib.tpu.ru/cgi-bin/koha/opac-detail.pl?biblionumber=174486

MARC

LEADER 00000naa2a2200000 4500
001 174486
005 20231031164745.0
035 |a (RuTPU)RU\TPU\book\189216 
090 |a 174486 
100 |a 20100128d2009 k y0rusy50 ca 
101 0 |a rus 
102 |a RU 
200 1 |a Особенности работы дуговых сталеплавильных печей с применением жидкого чугуна  |f А. А. Пичугин  |g науч. рук. И. С. Сулимова 
463 0 |0 (RuTPU)RU\TPU\book\182778  |t Прогрессивные технологии и экономика в машиностроении  |o труды XIII региональной научно-практической конференции студентов и учащейся молодежи , 9-10 апреля 2009 г., Юрга  |f Томский политехнический университет (ТПУ), Юргинский технологический институт (ЮТИ) ; Прогрессивные технологии и экономика в машиностроении ; отв. за вып. Д. А. Чинахов  |v С. 16-17  |d 2009  |p 357 с. 
610 1 |a сталеплавильные печи 
610 1 |a дуговые печи 
610 1 |a шихта 
610 1 |a металлолом 
610 1 |a металлообрабатывающая промышленность 
610 1 |a чугун 
610 1 |a электроплавка 
610 1 |a выплавляемые модели 
610 1 |a труды учёных ТПУ 
700 1 |a Пичугин  |b А. А. 
702 1 |a Сулимова  |b И. С.  |4 727 
801 1 |a RU  |b 63413507  |c 20100128 
942 |c BK